| 000 | 00783pam a2200241 a 4500 | ||
|---|---|---|---|
| 001 | 3035952 | ||
| 005 | 20250206172424.0 | ||
| 008 | 951205s1996 maua b 001 0 eng | ||
| 020 | _a1557868840 (pbk. : alk. paper) | ||
| 050 | 0 | 0 |
_aHG226 _b.L577 1996 |
| 082 | 0 | 0 |
_a332/.0412 _220 |
| 100 | 1 | _aLivingston, Miles. | |
| 245 | 1 | 0 |
_aMoney and capital markets / _cMiles Livingston. |
| 250 | _a3rd ed. | ||
| 260 |
_aCambridge, Mass. : _bBlackwell Business, _c1996. |
||
| 300 |
_a565 p. : _bill. ; _c23 cm. |
||
| 650 | 0 | _aMoney market. | |
| 650 | 0 | _aCapital market. | |
| 650 | 0 | _aFinancial instruments. | |
| 650 | 0 |
_aCapital market _xProblems, exercises, etc. _xComputer programs. |
|
| 650 | 0 |
_aFinancial instruments _xProblems, exercises, etc. _xComputer programs. |
|
| 942 |
_2lcc _cBK _n0 |
||
| 999 |
_c3506 _d3506 |
||